<?xml version="1.0" encoding="UTF-8"?>
<record
    xmlns:xsi="http://www.w3.org/2001/XMLSchema-instance"
    xsi:schemaLocation="http://www.loc.gov/MARC21/slim http://www.loc.gov/standards/marcxml/schema/MARC21slim.xsd"
    xmlns="http://www.loc.gov/MARC21/slim">

  <leader>00317nam a2200121Ia 4500</leader>
  <controlfield tag="008">191201s2015    xx            000 0 und d</controlfield>
  <datafield tag="100" ind1=" " ind2=" ">
    <subfield code="a">FISCHER, Mario</subfield>
  </datafield>
  <datafield tag="245" ind1=" " ind2="0">
    <subfield code="a">Website Boosting Search Engine, Optimization</subfield>
  </datafield>
  <datafield tag="260" ind1=" " ind2=" ">
    <subfield code="a">N. Delhi</subfield>
    <subfield code="b">Firewall Media</subfield>
    <subfield code="c">2015</subfield>
  </datafield>
  <datafield tag="300" ind1=" " ind2=" ">
    <subfield code="a">455</subfield>
  </datafield>
  <datafield tag="650" ind1=" " ind2=" ">
    <subfield code="a">M.Tech(CSE)</subfield>
  </datafield>
  <datafield tag="942" ind1=" " ind2=" ">
    <subfield code="2">ddc</subfield>
    <subfield code="c">BK</subfield>
  </datafield>
  <datafield tag="999" ind1=" " ind2=" ">
    <subfield code="c">6232</subfield>
    <subfield code="d">6232</subfield>
  </datafield>
  <datafield tag="952" ind1=" " ind2=" ">
    <subfield code="0">0</subfield>
    <subfield code="1">0</subfield>
    <subfield code="2">ddc</subfield>
    <subfield code="4">0</subfield>
    <subfield code="7">0</subfield>
    <subfield code="8">BTECHCSE</subfield>
    <subfield code="a">PIET</subfield>
    <subfield code="b">PIET</subfield>
    <subfield code="d">2015-09-02</subfield>
    <subfield code="e">KIRTI PRAKASHAN, NEW DELHI</subfield>
    <subfield code="g">365.00</subfield>
    <subfield code="k">IN2172</subfield>
    <subfield code="l">1</subfield>
    <subfield code="o">004.678 FIW</subfield>
    <subfield code="p">25396</subfield>
    <subfield code="r">2023-01-03 00:00:00</subfield>
    <subfield code="s">2022-12-21</subfield>
    <subfield code="v">270.10</subfield>
    <subfield code="w">2015-02-04</subfield>
    <subfield code="y">BK</subfield>
  </datafield>
  <datafield tag="952" ind1=" " ind2=" ">
    <subfield code="0">0</subfield>
    <subfield code="1">0</subfield>
    <subfield code="2">ddc</subfield>
    <subfield code="4">0</subfield>
    <subfield code="7">0</subfield>
    <subfield code="8">BTECHCSE</subfield>
    <subfield code="a">PIET</subfield>
    <subfield code="b">PIET</subfield>
    <subfield code="d">2015-09-02</subfield>
    <subfield code="e">KIRTI PRAKASHAN, NEW DELHI</subfield>
    <subfield code="g">365.00</subfield>
    <subfield code="k">IN2172</subfield>
    <subfield code="l">2</subfield>
    <subfield code="o">004.678 FIW</subfield>
    <subfield code="p">25397</subfield>
    <subfield code="r">2026-01-16 00:00:00</subfield>
    <subfield code="s">2026-01-05</subfield>
    <subfield code="v">270.10</subfield>
    <subfield code="w">2015-02-04</subfield>
    <subfield code="y">BK</subfield>
  </datafield>
  <datafield tag="952" ind1=" " ind2=" ">
    <subfield code="0">0</subfield>
    <subfield code="1">0</subfield>
    <subfield code="2">ddc</subfield>
    <subfield code="4">0</subfield>
    <subfield code="7">0</subfield>
    <subfield code="8">BTECHCSE</subfield>
    <subfield code="a">PIET</subfield>
    <subfield code="b">PIET</subfield>
    <subfield code="d">2015-09-02</subfield>
    <subfield code="e">KIRTI PRAKASHAN, NEW DELHI</subfield>
    <subfield code="g">365.00</subfield>
    <subfield code="k">IN2172</subfield>
    <subfield code="l">1</subfield>
    <subfield code="o">004.678 FIW</subfield>
    <subfield code="p">25398</subfield>
    <subfield code="r">2021-12-28 00:00:00</subfield>
    <subfield code="s">2021-12-17</subfield>
    <subfield code="v">270.10</subfield>
    <subfield code="w">2015-02-04</subfield>
    <subfield code="y">BK</subfield>
  </datafield>
</record>
